[Event "Chess.com Rapid Wk9 Swiss"]
[Site "Chess.com INT"]
[Date "2022.04.09"]
[Round "7"]
[White "Hansen, Eric"]
[Black "Harika, Dronavalli"]
[Result "1-0"]
[WhiteElo "2606"]
[BlackElo "2517"]
[PlyCount "107"]
[GameId "1768405752434688"]
[EventDate "2022.04.09"]
[EventType "swiss (rapid)"]
[EventRounds "9"]
[EventCountry "USA"]
[SourceTitle "CBM 207 Extra"]
[Source "ChessBase"]
[SourceDate "2022.05.31"]
[SourceVersion "1"]
[SourceVersionDate "2022.05.31"]
[SourceQuality "1"]

1. e4 c5 2. Nf3 e6 3. g3 d5 4. exd5 exd5 5. Bg2 Nc6 6. O-O d4 7. Re1+ Be7 8. d3 Nf6 9. Nbd2 O-O 10. Nc4 Be6 11. Rxe6 fxe6 12. Ng5 Qd7 13. Bh3 Nd8 14. Qe2 Kh8 15. Ne5 Qe8 16. Bd2 Bd6 17. Nc4 Bc7 18. a4 b6 19. b3 a6 20. Bg2 Rb8 21. a5 b5 22. Ne5 Bxe5 23. Qxe5 Nf7 24. Nxf7+ Qxf7 25. f4 Nd5 26. Re1 Nb4 27. Qxc5 Nd5 28. Qxd4 Rfd8 29. Qe5 b4 30. Qxe6 Qa7+ 31. Kh1 Qc5 32. Bxd5 Qxd5+ 33. Qxd5 Rxd5 34. Bxb4 Kg8 35. Re4 Rc8 36. Rc4 Rxc4 37. bxc4 Rd7 38. Kg2 Kf7 39. Kf3 Ke6 40. Ke4 g6 41. d4 Rd8 42. d5+ Kd7 43. c5 Re8+ 44. Kd3 h5 45. Bc3 Rb8 46. c6+ Ke7 47. Be5 Rb5 48. c4 Rb1 49. Kd4 Rb2 50. Kc5 Rxh2 51. d6+ Ke6 52. Kb6 g5 53. c7 Kd7 54. Kb7 1-0

[Event "Chess.com Rapid Wk9 Swiss"]
[Site "Chess.com INT"]
[Date "2022.04.09"]
[Round "8"]
[White "Narayanan, Sunilduth Lyna"]
[Black "Hansen, Eric"]
[Result "1/2-1/2"]
[WhiteElo "2662"]
[BlackElo "2606"]
[PlyCount "129"]
[GameId "1768405752492032"]
[EventDate "2022.04.09"]
[EventType "swiss (rapid)"]
[EventRounds "9"]
[EventCountry "USA"]
[SourceTitle "CBM 207 Extra"]
[Source "ChessBase"]
[SourceDate "2022.05.31"]
[SourceVersion "1"]
[SourceVersionDate "2022.05.31"]
[SourceQuality "1"]

1. c4 e5 2. Nc3 Nf6 3. Nf3 Nc6 4. d3 Bb4 5. Bd2 O-O 6. g3 Re8 7. Bg2 d6 8. O-O h6 9. a3 Bc5 10. b4 Bb6 11. Na4 Bd4 12. Rc1 a6 13. c5 dxc5 14. bxc5 e4 15. Nxd4 Nxd4 16. dxe4 Bg4 17. Nc3 Qe7 18. Be3 Nb5 19. a4 Nxc3 20. Rxc3 Rad8 21. Qc2 Bd7 22. Rd1 Bc6 23. f3 Qe5 24. Rcd3 Ra8 25. Bd4 Qe7 26. a5 Nd7 27. Qc3 Ne5 28. R3d2 f6 29. Bh3 Rad8 30. Bxe5 Rxd2 31. Rxd2 Qxe5 32. Qxe5 Rxe5 33. Rc2 Kf7 34. Kf2 g6 35. Bf1 Ke7 36. h4 Ba4 37. Rc3 Kd7 38. Bh3+ Kc6 39. f4 Re7 40. Ke3 Kb5 41. Bc8 c6 42. Kd4 Kxa5 43. e5 fxe5+ 44. fxe5 Kb4 45. e6 Bb3 46. Rxb3+ Kxb3 47. Ke5 Kc4 48. Kd6 Rh7 49. e7 Rxe7 50. Kxe7 Kxc5 51. Bxb7 a5 52. Bc8 a4 53. Be6 Kd4 54. Kd6 c5 55. e3+ Kxe3 56. Kxc5 Kf3 57. g4 Kg3 58. h5 gxh5 59. gxh5 Kh4 60. Bf7 a3 61. Kb4 a2 62. Bxa2 Kxh5 63. Bf7+ Kg5 64. Be8 h5 65. Bxh5 1/2-1/2

[Event "Titled Tuesday intern op 12th Apr Early"]
[Site "Chess.com INT"]
[Date "2022.04.12"]
[Round "1"]
[White "Hansen, Eric"]
[Black "Girinath, PDS"]
[Result "1/2-1/2"]
[WhiteElo "2606"]
[BlackElo "2361"]
[PlyCount "140"]
[GameId "1770912771301376"]
[EventDate "2022.04.12"]
[EventType "swiss (blitz)"]
[EventRounds "11"]
[EventCountry "USA"]
[SourceTitle "CBM 207 Extra"]
[Source "ChessBase"]
[SourceDate "2022.05.31"]
[SourceVersion "1"]
[SourceVersionDate "2022.05.31"]
[SourceQuality "1"]

1. e4 e6 2. d4 d5 3. Nc3 Nf6 4. Bg5 Bb4 5. e5 h6 6. Bc1 Ne4 7. Nge2 c5 8. a3 Bxc3+ 9. Nxc3 cxd4 10. Qxd4 Nc6 11. Bb5 Bd7 12. Bxc6 Bxc6 13. Ne2 f6 14. f3 fxe5 15. Qxe5 Qf6 16. Bf4 Qxe5 17. Bxe5 Nf6 18. Nd4 Kf7 19. O-O-O Bd7 20. Rhe1 Rac8 21. h4 Rc4 22. b3 Rcc8 23. Kb2 Ng8 24. h5 a6 25. a4 Ne7 26. Ne2 b5 27. axb5 Bxb5 28. Nf4 Nc6 29. Nxe6 Rhe8 30. Bxg7 Rxe6 31. Rxe6 Kxe6 32. Bxh6 Rh8 33. Re1+ Kd7 34. Bf4 Rxh5 35. Rd1 Ke6 36. Re1+ Kf7 37. Rd1 d4 38. Kc1 Rf5 39. Bc7 d3 40. c4 Nb4 41. cxb5 Rc5+ 42. Kb2 Rxc7 43. bxa6 Rc2+ 44. Ka3 Nxa6 45. Rxd3 Rxg2 46. b4 Nb8 47. b5 Rg6 48. Kb4 Ke7 49. Ka5 Nd7 50. f4 Rf6 51. Rd4 Kd8 52. Rc4 Nb6 53. Rc6 Rxc6 54. bxc6 Kc7 55. Kb5 Nd5 56. f5 Nf6 57. Kc5 Nh5 58. Kd5 Nf4+ 59. Ke5 Nh5 60. Kd5 Nf6+ 61. Kc5 Ne4+ 62. Kd5 Ng5 63. f6 Nf7 64. Kc5 Nh6 65. Kd5 Nf7 66. Ke6 Nd8+ 67. Kf5 Kxc6 68. Kg6 Kd7 69. Kg7 Ke6 70. f7 Nxf7 1/2-1/2

[Event "Titled Tuesday intern op 03rd May Early"]
[Site "Chess.com INT"]
[Date "2022.05.03"]
[Round "4"]
[White "Sarana, Alexey"]
[Black "Hansen, Eric"]
[Result "1-0"]
[WhiteElo "2675"]
[BlackElo "2606"]
[PlyCount "85"]
[GameId "1778538927149056"]
[EventDate "2022.05.03"]
[EventType "swiss (blitz)"]
[EventRounds "11"]
[EventCountry "USA"]
[SourceTitle "CBM 208 Extra"]
[Source "ChessBase"]
[SourceDate "2022.07.31"]
[SourceVersion "1"]
[SourceVersionDate "2022.07.31"]
[SourceQuality "1"]

1. d4 Nf6 2. c4 e6 3. Nc3 Bb4 4. e3 O-O 5. Bd3 c5 6. Nge2 Nc6 7. O-O d6 8. Na4 cxd4 9. exd4 Ba5 10. a3 d5 11. c5 Bc7 12. Nac3 h6 13. b4 a6 14. h3 Re8 15. f4 b6 16. Be3 bxc5 17. bxc5 Rb8 18. Qc2 Ne7 19. Bf2 Nh5 20. Bh4 Qd7 21. g4 Nf6 22. Bxf6 gxf6 23. Ng3 Nc6 24. Nh5 Qe7 25. Ne2 Bd8 26. Rf3 Qb7 27. Qd1 Kf8 28. Bc2 Qc7 29. Ba4 Rb2 30. Qd3 f5 31. gxf5 exf5 32. Neg3 Re4 33. Bxc6 Qxc6 34. Rd1 Ba5 35. Qf1 Qg6 36. Kh1 Bd7 37. a4 Bxa4 38. Ra1 Rb4 39. Nxe4 fxe4 40. Rg3 Qxh5 41. Qxa6 Bc7 42. Qc8+ Be8 43. Qxc7 1-0

[Event "Titled Tuesday intern op 03rd May Early"]
[Site "Chess.com INT"]
[Date "2022.05.03"]
[Round "11"]
[White "Hansen, Eric"]
[Black "Bocharov, Dmitry"]
[Result "1-0"]
[WhiteElo "2606"]
[BlackElo "2516"]
[PlyCount "77"]
[GameId "1778538930970624"]
[EventDate "2022.05.03"]
[EventType "swiss (blitz)"]
[EventRounds "11"]
[EventCountry "USA"]
[SourceTitle "CBM 208 Extra"]
[Source "ChessBase"]
[SourceDate "2022.07.31"]
[SourceVersion "1"]
[SourceVersionDate "2022.07.31"]
[SourceQuality "1"]

1. e4 c5 2. Nf3 d6 3. Bb5+ Nd7 4. c3 Ngf6 5. Qe2 a6 6. Ba4 b5 7. Bc2 Bb7 8. O-O c4 9. b3 Qc7 10. Na3 Rc8 11. bxc4 bxc4 12. Rb1 Ba8 13. Rb4 d5 14. e5 Ne4 15. e6 Ndf6 16. Ba4+ Bc6 17. exf7+ Kd8 18. Nd4 Bd7 19. f3 Nc5 20. Bxd7 Qxd7 21. Rb6 Kc7 22. Re6 Kb7 23. Nac2 Nxe6 24. Nxe6 Ka8 25. Ncd4 Qd6 26. Qd1 Nd7 27. Re1 Nc5 28. Ba3 Qb6 29. Bxc5 Rxc5 30. Nxc5 Qxc5 31. Re6 Qa5 32. Qb1 g6 33. Kf1 Qa4 34. Qb6 Bg7 35. Qxa6+ Qxa6 36. Rxa6+ Kb7 37. Re6 Bf6 38. Rxf6 exf6 39. Ne6 1-0

[Event "Chess.com Rapid Wk14 Swiss"]
[Site "Chess.com INT"]
[Date "2022.05.14"]
[Round "1"]
[White "Vidit, Santosh Gujrathi"]
[Black "Hansen, Eric"]
[Result "1-0"]
[WhiteElo "2723"]
[BlackElo "2606"]
[PlyCount "97"]
[GameId "1781094694252544"]
[EventDate "2022.05.14"]
[EventType "swiss (rapid)"]
[EventRounds "9"]
[EventCountry "USA"]
[SourceTitle "CBM 208 Extra"]
[Source "ChessBase"]
[SourceDate "2022.07.31"]
[SourceVersion "1"]
[SourceVersionDate "2022.07.31"]
[SourceQuality "1"]

1. d4 d5 2. c4 c6 3. cxd5 cxd5 4. Bf4 Nc6 5. e3 Nf6 6. Nc3 Bg4 7. f3 Bd7 8. Bd3 e6 9. g4 Qb6 10. Nge2 Be7 11. O-O O-O 12. a3 Rfc8 13. Na4 Qd8 14. b4 Be8 15. Rc1 Bd6 16. Nc5 Bxf4 17. exf4 b6 18. Na6 Ne7 19. Qd2 Bc6 20. b5 Bb7 21. Nb4 Ne8 22. f5 exf5 23. gxf5 Qd6 24. Ng3 Rxc1 25. Rxc1 Rc8 26. Re1 Kf8 27. Kg2 Nf6 28. Bb1 Rc4 29. Ba2 Rc7 30. Bb1 Bc8 31. Bd3 Bd7 32. Re2 Bc8 33. Re1 h6 34. Re2 Bb7 35. Re1 Nc8 36. Bb1 Re7 37. Rc1 Rc7 38. Nd3 Rxc1 39. Qxc1 Ne7 40. a4 Ne8 41. Ne5 Qb4 42. Nd7+ Kg8 43. f6 Nxf6 44. Nxf6+ gxf6 45. Nh5 Ng6 46. Qxh6 Nh4+ 47. Kh3 Bc8+ 48. Kxh4 Qxd4+ 49. Qf4 1-0

[Event "Chess.com Rapid Wk14 Swiss"]
[Site "Chess.com INT"]
[Date "2022.05.14"]
[Round "3"]
[White "Hansen, Eric"]
[Black "Fier, Alexandr"]
[Result "1/2-1/2"]
[WhiteElo "2606"]
[BlackElo "2567"]
[PlyCount "79"]
[GameId "1781094694424576"]
[EventDate "2022.05.14"]
[EventType "swiss (rapid)"]
[EventRounds "9"]
[EventCountry "USA"]
[SourceTitle "CBM 208 Extra"]
[Source "ChessBase"]
[SourceDate "2022.07.31"]
[SourceVersion "1"]
[SourceVersionDate "2022.07.31"]
[SourceQuality "1"]

1. c4 c5 2. Nc3 Nc6 3. e3 Nf6 4. d4 cxd4 5. exd4 d5 6. Nf3 a6 7. Bg5 dxc4 8. Bxc4 e6 9. O-O Be7 10. Re1 O-O 11. a3 b5 12. Ba2 b4 13. Na4 bxa3 14. bxa3 Nd5 15. Bxd5 exd5 16. Bxe7 Nxe7 17. Ne5 Ng6 18. Rc1 Nxe5 19. Rxe5 Qd6 20. Nc5 a5 21. Qf3 Be6 22. Rce1 Rae8 23. h4 Bd7 24. Nxd7 Qxd7 25. Rxe8 Rxe8 26. Rxe8+ Qxe8 27. Qxd5 g6 28. Qe5 Qa4 29. d5 Qxh4 30. d6 Qg4 31. f3 Qa4 32. Qe7 Qd4+ 33. Kh1 f6 34. g3 Qd1+ 35. Kh2 Qd2+ 36. Kh3 Qh6+ 37. Kg2 Qd2+ 38. Kh3 Qh6+ 39. Kg2 Qd2+ 40. Kh3 1/2-1/2

[Event "Chess.com Rapid Wk14 Swiss"]
[Site "Chess.com INT"]
[Date "2022.05.14"]
[Round "4"]
[White "Harika, Dronavalli"]
[Black "Hansen, Eric"]
[Result "0-1"]
[WhiteElo "2517"]
[BlackElo "2606"]
[PlyCount "96"]
[GameId "1781094694584320"]
[EventDate "2022.05.14"]
[EventType "swiss (rapid)"]
[EventRounds "9"]
[EventCountry "USA"]
[SourceTitle "CBM 208 Extra"]
[Source "ChessBase"]
[SourceDate "2022.07.31"]
[SourceVersion "1"]
[SourceVersionDate "2022.07.31"]
[SourceQuality "1"]

1. e4 c5 2. c3 Nf6 3. e5 Nd5 4. Nf3 e6 5. d4 cxd4 6. cxd4 b6 7. Nc3 Nxc3 8. bxc3 Qc7 9. Bd2 Bb7 10. Bd3 d6 11. O-O Nd7 12. exd6 Bxd6 13. Re1 O-O 14. h3 h6 15. c4 Bf4 16. Bb4 Rfd8 17. Be7 Re8 18. Ba3 Rad8 19. Bf1 Nf6 20. Bb2 Ne4 21. Qb3 f5 22. Rad1 Kh8 23. a4 Bc6 24. d5 Nc5 25. Qa2 Bxa4 26. Ra1 exd5 27. cxd5 Rxe1 28. Rxe1 Bb3 29. Qa1 Bxd5 30. Ne5 Kh7 31. g3 Bd2 32. Rd1 Bb3 33. Qb1 Ne4 34. Bd3 Rxd3 35. Nxd3 Bc2 36. Qa1 Bxd3 37. Bd4 Bc2 38. Rf1 Ng5 39. f4 Ne4 40. Qa3 Qd7 41. Bf2 Bd3 42. Rd1 Be2 43. Ra1 Nxf2 44. Kxf2 Bc4 45. Rd1 Qd4+ 46. Kg2 Bd5+ 47. Kf1 Qc4+ 48. Kf2 Qc2 0-1

[Event "Chess.com Rapid Wk14 Swiss"]
[Site "Chess.com INT"]
[Date "2022.05.14"]
[Round "6"]
[White "Hansen, Eric"]
[Black "Paravyan, David"]
[Result "1/2-1/2"]
[WhiteElo "2606"]
[BlackElo "2617"]
[PlyCount "76"]
[GameId "1781094694809600"]
[EventDate "2022.05.14"]
[EventType "swiss (rapid)"]
[EventRounds "9"]
[EventCountry "USA"]
[SourceTitle "CBM 208 Extra"]
[Source "ChessBase"]
[SourceDate "2022.07.31"]
[SourceVersion "1"]
[SourceVersionDate "2022.07.31"]
[SourceQuality "1"]

1. e4 e5 2. Nf3 Nf6 3. Nxe5 d6 4. Nf3 Nxe4 5. d4 d5 6. Bd3 Bd6 7. O-O O-O 8. Nbd2 Bf5 9. Re1 Re8 10. Nf1 c6 11. Ng3 Nxg3 12. Rxe8+ Qxe8 13. hxg3 Bxd3 14. Qxd3 Nd7 15. Bg5 Nf8 16. Re1 Qd7 17. Bf4 Ng6 18. Bxd6 Qxd6 19. Qb3 Qc7 20. Qa3 h6 21. b3 a6 22. c4 Qd7 23. Qb4 a5 24. Qb6 a4 25. cxd5 cxd5 26. Ne5 Nxe5 27. Rxe5 axb3 28. axb3 Qc6 29. Qc5 Qxc5 30. dxc5 Ra1+ 31. Kh2 Rb1 32. Re8+ Kh7 33. Rb8 Rxb3 34. c6 Rc3 35. cxb7 Rb3 36. g4 d4 37. Rd8 Rxb7 38. Rxd4 Rb5 1/2-1/2

[Event "Chess.com Rapid Wk14 Swiss"]
[Site "Chess.com INT"]
[Date "2022.05.14"]
[Round "8"]
[White "Hansen, Eric"]
[Black "Jumabayev, Rinat"]
[Result "1/2-1/2"]
[WhiteElo "2606"]
[BlackElo "2628"]
[PlyCount "45"]
[GameId "1781094694977536"]
[EventDate "2022.05.14"]
[EventType "swiss (rapid)"]
[EventRounds "9"]
[EventCountry "USA"]
[SourceTitle "CBM 208 Extra"]
[Source "ChessBase"]
[SourceDate "2022.07.31"]
[SourceVersion "1"]
[SourceVersionDate "2022.07.31"]
[SourceQuality "1"]

1. e4 e6 2. d4 d5 3. Nc3 Nf6 4. Bg5 dxe4 5. Nxe4 Be7 6. Bxf6 gxf6 7. Nf3 a6 8. g3 f5 9. Nc3 b5 10. Bg2 Bb7 11. O-O Bf6 12. Re1 O-O 13. Ne5 Bxg2 14. Kxg2 b4 15. Na4 Qd5+ 16. Kg1 Rd8 17. Qh5 Bxe5 18. dxe5 Nc6 19. Qg5+ Kf8 20. Qh6+ Kg8 21. Qg5+ Kf8 22. Qh6+ Kg8 23. Qg5+ 1/2-1/2

[Event "Chess.com Rapid Wk14 Swiss"]
[Site "Chess.com INT"]
[Date "2022.05.14"]
[Round "9"]
[White "Motylev, Alexander"]
[Black "Hansen, Eric"]
[Result "1/2-1/2"]
[WhiteElo "2633"]
[BlackElo "2606"]
[PlyCount "93"]
[GameId "1781094695120896"]
[EventDate "2022.05.14"]
[EventType "swiss (rapid)"]
[EventRounds "9"]
[EventCountry "USA"]
[SourceTitle "CBM 208 Extra"]
[Source "ChessBase"]
[SourceDate "2022.07.31"]
[SourceVersion "1"]
[SourceVersionDate "2022.07.31"]
[SourceQuality "1"]

1. e4 c5 2. Nf3 d6 3. d4 cxd4 4. Nxd4 Nf6 5. Nc3 Nc6 6. Bg5 Bd7 7. Nxc6 bxc6 8. Bc4 e6 9. O-O Be7 10. Bxf6 gxf6 11. Qh5 Qb6 12. Bb3 Qd4 13. Kh1 Qe5 14. Qh3 h5 15. f4 Qa5 16. Rad1 Rb8 17. Rd3 Rd8 18. Rfd1 Bc8 19. Ba4 Bd7 20. b3 Qc5 21. e5 d5 22. Qg3 Kf8 23. Ne2 h4 24. Qf3 h3 25. gxh3 f5 26. c4 Qb6 27. Nc3 Bc8 28. Ne2 Bb7 29. cxd5 Rxd5 30. Rxd5 cxd5 31. Nd4 Bc5 32. Qc3 Ba6 33. Kg2 Rg8+ 34. Kf3 Rg6 35. Kf2 Kg7 36. Kf3 Kf8 37. Kf2 Bb4 38. Qc6 Qa5 39. h4 Bc5 40. h5 Qc3 41. Qe8+ Kg7 42. hxg6 Bxd4+ 43. Kg2 Qc2+ 44. Kh3 Qc3+ 45. Kg2 Qc2+ 46. Kh3 Qc3+ 47. Kg2 1/2-1/2

[Event "Titled Tuesday intern op 17th May Late"]
[Site "Chess.com INT"]
[Date "2022.05.17"]
[Round "3"]
[White "Hansen, Eric"]
[Black "Korchmar, Vasiliy"]
[Result "1-0"]
[WhiteElo "2606"]
[BlackElo "2450"]
[PlyCount "111"]
[GameId "1783636215029760"]
[EventDate "2022.05.17"]
[EventType "swiss (blitz)"]
[EventRounds "11"]
[EventCountry "USA"]
[SourceTitle "CBM 208 Extra"]
[Source "ChessBase"]
[SourceDate "2022.07.31"]
[SourceVersion "1"]
[SourceVersionDate "2022.07.31"]
[SourceQuality "1"]

1. e4 c5 2. Nf3 d6 3. Bb5+ Nd7 4. c3 Ngf6 5. Qe2 a6 6. Ba4 b5 7. Bc2 e6 8. O-O Bb7 9. d4 Be7 10. Re1 O-O 11. Nbd2 Qc7 12. Nf1 Rfe8 13. Ng3 Bf8 14. Bd3 g6 15. a4 bxa4 16. Rxa4 a5 17. h3 Bg7 18. Bg5 h6 19. Be3 Bc6 20. Ra2 Qb7 21. Nd2 a4 22. Rea1 cxd4 23. cxd4 Nb6 24. f3 Rec8 25. Nb1 d5 26. e5 Nfd7 27. Qd2 Kh7 28. h4 Nc4 29. Bxc4 dxc4 30. h5 Nb6 31. Nc3 Nd5 32. Nge4 Rd8 33. hxg6+ fxg6 34. Nxd5 Bxd5 35. Nc3 Bc6 36. Kf2 Bxe5 37. Nxa4 Bxa4 38. Rxa4 Rxa4 39. Rxa4 Bxd4 40. Bxd4 e5 41. Rxc4 exd4 42. Qb4 Qa7 43. Qc5 Qb7 44. Qc7+ Rd7 45. Qxb7 Rxb7 46. b4 Rd7 47. b5 d3 48. Ke1 d2+ 49. Kd1 g5 50. b6 Kg6 51. Rb4 Rb7 52. g4 Kf6 53. Kxd2 Ke5 54. Ke3 Kd5 55. Rb1 Kc5 56. Ke4 1-0

[Event "Chess.com Rapid Wk17 Swiss"]
[Site "Chess.com INT"]
[Date "2022.06.04"]
[Round "1"]
[White "Hansen, Eric"]
[Black "Aronian, Levon"]
[Result "0-1"]
[WhiteElo "2606"]
[BlackElo "2775"]
[PlyCount "100"]
[GameId "1788681184894976"]
[EventDate "2022.06.04"]
[EventType "swiss (rapid)"]
[EventRounds "9"]
[EventCountry "USA"]
[SourceTitle "CBM 208 Extra"]
[Source "ChessBase"]
[SourceDate "2022.07.31"]
[SourceVersion "1"]
[SourceVersionDate "2022.07.31"]
[SourceQuality "1"]

1. e4 e5 2. Nf3 Nc6 3. Bb5 a6 4. Ba4 Nf6 5. d3 b5 6. Bb3 Bc5 7. a4 b4 8. O-O d6 9. h3 O-O 10. Nbd2 Rb8 11. Nc4 Nd4 12. Nxd4 Bxd4 13. Be3 Nd7 14. Na5 Rb6 15. Bxd4 exd4 16. Bd5 Qf6 17. f4 Nc5 18. b3 Bd7 19. Qh5 c6 20. Nc4 Rbb8 21. e5 Qg6 22. Qxg6 hxg6 23. Bf3 d5 24. Nd2 f6 25. Rae1 fxe5 26. Rxe5 Rbe8 27. Rxe8 Rxe8 28. h4 Bf5 29. Bd1 Nd7 30. g4 Be6 31. Re1 Kf8 32. Kf2 c5 33. Kg3 Nf6 34. Re5 Re7 35. Bf3 a5 36. Nf1 Bf7 37. Nd2 Rxe5 38. fxe5 Nd7 39. Kf4 Ke7 40. g5 Nb6 41. Bg4 Be8 42. e6 Kd6 43. Nf3 Nxa4 44. bxa4 Bxa4 45. Ne5 Bxc2 46. Nf7+ Ke7 47. Ke5 b3 48. Nd8 b2 49. Nc6+ Ke8 50. e7 Ba4 0-1

[Event "Chess.com Rapid Wk17 Swiss"]
[Site "Chess.com INT"]
[Date "2022.06.04"]
[Round "3"]
[White "Kosteniuk, Alexandra"]
[Black "Hansen, Eric"]
[Result "0-1"]
[WhiteElo "2510"]
[BlackElo "2606"]
[PlyCount "92"]
[GameId "1788681185071104"]
[EventDate "2022.06.04"]
[EventType "swiss (rapid)"]
[EventRounds "9"]
[EventCountry "USA"]
[SourceTitle "CBM 208 Extra"]
[Source "ChessBase"]
[SourceDate "2022.07.31"]
[SourceVersion "1"]
[SourceVersionDate "2022.07.31"]
[SourceQuality "1"]

1. e4 e5 2. Nf3 Nc6 3. Bb5 a6 4. Ba4 Nf6 5. d3 d6 6. c3 Be7 7. O-O O-O 8. Re1 b5 9. Bc2 Nb8 10. a4 Bb7 11. d4 Nbd7 12. Bd3 c6 13. Nbd2 Re8 14. Nf1 Bf8 15. Ng3 g6 16. Bg5 h6 17. Bd2 Qb6 18. Qc1 Kh7 19. h4 c5 20. d5 c4 21. Be3 Qc7 22. Bc2 Ng4 23. Bd2 Qb6 24. Rf1 Ndf6 25. Bd1 Reb8 26. Nh2 Nxh2 27. Kxh2 Bc8 28. f4 Qd8 29. Kg1 Nd7 30. h5 Qh4 31. Be1 exf4 32. Rxf4 Qe7 33. hxg6+ fxg6 34. axb5 axb5 35. Rxa8 Rxa8 36. Bd2 Ne5 37. Be2 Bg7 38. Be3 Bd7 39. Qf1 Qg5 40. Qf2 Ra1+ 41. Nf1 Rb1 42. Rh4 Qe7 43. Qg3 Rxb2 44. Nd2 Nf7 45. Nf3 Rxe2 46. Nd4 Rxe3 0-1

[Event "Chess.com Rapid Wk17 Swiss"]
[Site "Chess.com INT"]
[Date "2022.06.04"]
[Round "6"]
[White "Hansen, Eric"]
[Black "Sychev, Klementy"]
[Result "1-0"]
[WhiteElo "2606"]
[BlackElo "2534"]
[PlyCount "61"]
[GameId "1788681185415168"]
[EventDate "2022.06.04"]
[EventType "swiss (rapid)"]
[EventRounds "9"]
[EventCountry "USA"]
[SourceTitle "CBM 208 Extra"]
[Source "ChessBase"]
[SourceDate "2022.07.31"]
[SourceVersion "1"]
[SourceVersionDate "2022.07.31"]
[SourceQuality "1"]

1. e4 c5 2. Nf3 e6 3. d4 cxd4 4. Nxd4 Nf6 5. Nc3 Nc6 6. Ndb5 Bc5 7. Bf4 O-O 8. Bc7 Qe7 9. Bd6 Bxd6 10. Qxd6 Qd8 11. Nc7 Rb8 12. Be2 b5 13. e5 Ne8 14. Nxe8 b4 15. Ne4 Rxe8 16. f4 Bb7 17. Nc5 Ne7 18. Nxb7 Rxb7 19. O-O-O Nd5 20. Rxd5 exd5 21. Qxd5 Rc7 22. Bc4 d6 23. Rd1 Qc8 24. exd6 Rxc4 25. d7 Rxc2+ 26. Kb1 Rxb2+ 27. Kxb2 Qc3+ 28. Kb1 Rd8 29. Qa5 Qf6 30. Re1 h6 31. Qxd8+ 1-0

[Event "Chess.com Rapid Wk17 Swiss"]
[Site "Chess.com INT"]
[Date "2022.06.04"]
[Round "7"]
[White "Hansen, Eric"]
[Black "Rustemov, Alexander"]
[Result "1-0"]
[WhiteElo "2606"]
[BlackElo "2525"]
[PlyCount "63"]
[GameId "1788681185468416"]
[EventDate "2022.06.04"]
[EventType "swiss (rapid)"]
[EventRounds "9"]
[EventCountry "USA"]
[SourceTitle "CBM 208 Extra"]
[Source "ChessBase"]
[SourceDate "2022.07.31"]
[SourceVersion "1"]
[SourceVersionDate "2022.07.31"]
[SourceQuality "1"]

1. d4 d5 2. c4 e6 3. Nc3 Nf6 4. cxd5 exd5 5. Bg5 Be7 6. e3 h6 7. Bh4 O-O 8. Bd3 c6 9. Qc2 Nbd7 10. Nf3 Ne8 11. Bg3 Bd6 12. O-O Bxg3 13. hxg3 Nd6 14. b4 Nb6 15. b5 Be6 16. bxc6 bxc6 17. Na4 Nbc4 18. Nc5 Rb8 19. Ne5 Nxe5 20. dxe5 Nc4 21. Bxc4 dxc4 22. Nxe6 fxe6 23. Qxc4 Qd5 24. Qxd5 cxd5 25. Rab1 Rfc8 26. Rfc1 Rxc1+ 27. Rxc1 Rb6 28. Rc8+ Kh7 29. g4 Ra6 30. f4 Rxa2 31. f5 exf5 32. e6 1-0

[Event "Titled Tuesday intern op 28th Jun Late"]
[Site "Chess.com INT"]
[Date "2022.06.28"]
[Round "9"]
[White "Bolourchifard, Farzad"]
[Black "Hansen, Eric"]
[Result "0-1"]
[WhiteElo "2292"]
[BlackElo "2606"]
[PlyCount "96"]
[GameId "1798853155225600"]
[EventDate "2022.06.28"]
[EventType "swiss (blitz)"]
[EventRounds "11"]
[EventCountry "USA"]
[SourceTitle "CBM 209 Extra"]
[Source "ChessBase"]
[SourceDate "2022.09.30"]
[SourceVersion "1"]
[SourceVersionDate "2022.09.30"]
[SourceQuality "1"]

1. e4 b6 2. d4 Bb7 3. Bd3 g6 4. Nf3 Bg7 5. O-O e6 6. Bg5 Ne7 7. Re1 h6 8. Bh4 d6 9. a4 a6 10. c3 Nd7 11. Nbd2 g5 12. Bg3 Ng6 13. e5 d5 14. Qc2 Ne7 15. h3 c5 16. b4 Rc8 17. bxc5 bxc5 18. Qb2 Qc7 19. Reb1 Rb8 20. Qc1 Nf5 21. Bxf5 exf5 22. e6 f4 23. exd7+ Qxd7 24. Bh2 O-O 25. Rb6 Qc7 26. Rab1 Bc6 27. Rxa6 Rxb1 28. Qxb1 Rb8 29. Qc1 Bb7 30. Qf1 c4 31. Ra7 Qb6 32. Rxb7 Rxb7 33. g3 fxg3 34. Bxg3 Re7 35. Qa1 Qe6 36. Kg2 f5 37. Be5 g4 38. hxg4 fxg4 39. Nh2 Bxe5 40. dxe5 h5 41. a5 Ra7 42. f4 Qf5 43. Qb1 Qxb1 44. Nxb1 Rb7 45. Nd2 Rb2 46. Nhf1 d4 47. a6 dxc3 48. a7 Ra2 0-1

[Event "Chess.com Rapid Wk20 Swiss"]
[Site "Chess.com INT"]
[Date "2022.07.09"]
[Round "2"]
[White "Vidit, Santosh Gujrathi"]
[Black "Hansen, Eric"]
[Result "0-1"]
[WhiteElo "2714"]
[BlackElo "2606"]
[PlyCount "70"]
[GameId "1801302053023744"]
[EventDate "2022.07.09"]
[EventType "swiss (rapid)"]
[EventRounds "9"]
[EventCountry "USA"]
[SourceTitle "CBM 209 Extra"]
[Source "ChessBase"]
[SourceDate "2022.09.30"]
[SourceVersion "1"]
[SourceVersionDate "2022.09.30"]
[SourceQuality "1"]

1. d4 Nf6 2. c4 e6 3. Nc3 Bb4 4. e3 O-O 5. Bd3 d5 6. cxd5 exd5 7. Nge2 Re8 8. O-O Bd6 9. Bd2 a6 10. Rc1 Nbd7 11. Nf4 c6 12. f3 Nf8 13. Kh1 Bb8 14. Qc2 Ng6 15. Nce2 Qe7 16. Rce1 Nxf4 17. Nxf4 Qd6 18. g3 Ba7 19. b4 a5 20. a3 axb4 21. axb4 Bb6 22. Bc3 g5 23. Ng2 Bh3 24. Rf2 h6 25. Qb2 Re6 26. e4 dxe4 27. fxe4 Ng4 28. Rf3 Rf6 29. Rxf6 Qxf6 30. Rf1 Qe6 31. Qe2 Ra2 32. Bd2 Bxd4 33. e5 Qxe5 34. Qf3 Qf6 35. Qe4 Qxf1+ 0-1

[Event "Chess.com Rapid Wk20 Swiss"]
[Site "Chess.com INT"]
[Date "2022.07.09"]
[Round "3"]
[White "Hansen, Eric"]
[Black "So, Wesley"]
[Result "1/2-1/2"]
[WhiteElo "2606"]
[BlackElo "2773"]
[PlyCount "45"]
[GameId "1801302053101568"]
[EventDate "2022.07.09"]
[EventType "swiss (rapid)"]
[EventRounds "9"]
[EventCountry "USA"]
[SourceTitle "CBM 209 Extra"]
[Source "ChessBase"]
[SourceDate "2022.09.30"]
[SourceVersion "1"]
[SourceVersionDate "2022.09.30"]
[SourceQuality "1"]

1. e4 e5 2. Nf3 Nc6 3. Bb5 Nf6 4. O-O Nxe4 5. Re1 Nd6 6. Nxe5 Be7 7. Bf1 Nf5 8. Nf3 d5 9. d4 O-O 10. c3 Re8 11. Bd3 Bd6 12. Rxe8+ Qxe8 13. Nbd2 Nce7 14. Nf1 f6 15. Ng3 g6 16. Qc2 c6 17. Bd2 Ng7 18. Re1 Bg4 19. Qd1 Qd7 20. h3 Be6 21. Qc1 Nef5 22. Nf1 Re8 23. Bf4 1/2-1/2